MARC

Tag First Indicator Second Indicator Subfields
LEADER 00000cam a2200000 a 4500
001 in00001125621
005 20150930072102.0
008 921022s1993 ilua b 101 0 eng
010 |a  92039852  
020 |a 0226386686 (cloth : akl. paper) 
035 |a (OCoLC)26974570 
035 |9 AFW3241AM 
040 |a DLC  |c DLC  |d TXA  |d UtOrBLW 
043 |a ae-----  |a n-us--- 
049 |a TXAM 
050 0 0 |a HF1600.5.Z4  |b U67 1993 
082 0 0 |a 382/.73  |2 20 
245 0 0 |a Trade and protectionism /  |c edited by Takatoshi Itō and Anne O. Krueger. 
264 1 |a Chicago :  |b University of Chicago Press,  |c 1993. 
300 |a ix, 449 pages :  |b illustrations ;  |c 24 cm. 
336 |a text  |b txt  |2 rdacontent 
337 |a unmediated  |b n  |2 rdamedia 
338 |a volume  |b nc  |2 rdacarrier 
490 1 |a NBER-East Asia seminar on economics ;  |v v. 2 
500 |a "Papers presented at the Second Annual East Asian Seminar on Economics ... held in Taipei, Taiwan, 19-21 June 1991"--introduction. 
504 |a Includes bibliographical references and indexes. 
651 0 |a East Asia  |x Foreign economic relations  |z United States  |x Congresses. 
651 0 |a United States  |x Foreign economic relations  |z East Asia  |x Congresses. 
650 0 |a Protectionism  |z East Asia  |x Congresses. 
651 0 |a East Asia  |x Commercial policy  |x Congresses. 
651 0 |a United States  |x Commercial policy  |x Congresses. 
700 1 |a Itō, Takatoshi,  |d 1950- 
700 1 |a Krueger, Anne O. 
830 0 |a NBER-East Asia Seminar on Economics (Series) ;  |v v. 2. 
999 |a MARS 
999 f f |s 2322fc55-8848-3152-9900-151787e8698d  |i a469f8c3-6d92-3b98-8cea-21c930b45118  |t 0 
952 f f |p ric  |a Texas A&M University  |b Rellis Campus  |c Joint Library Facility  |d Remote Storage  |t 0  |e HF1600.5.Z4 U67 1993  |h Library of Congress classification  |i unmediated -- volume  |m A14817117328 
998 f f |a HF1600.5.Z4 U67 1993  |t 0  |l Remote Storage